000 00785nam a22002417a 4500
005 20210707115114.0
008 210707b ||||| |||| 00| 0 eng d
020 _a978-2-10-071793-4
040 _aBUAC
_cBUC
041 _aFre
100 _aKarvinen, Tero
245 _aLes Capteurs pour Arduino et RaspberryPi :
_btutoriels et projets
_c/ par Tero karvinen, Kimmo Karvinen, Ville Valtokari
300 _a282 p.
_bCoul.ill.en coul.;
_c24 cm.
440 _a(Collection Make)
500 _aAnnexe.pp. (277- 278) Index. pp.(279 - 282)
630 _aGENERALITES CULTURE-SAVOIR
650 _aCapteurs (technologie)
651 _aArduino microcontrôleur)
651 _aRaspberry Pi (ordinateur)
700 _aKarvinen, Kimmo
700 _aValtokari, Ville
942 _2ddc
_cLBA
999 _c62013
_d62013